000 00973cam a2200265 a 4500
003 OSt
005 20150722102841.0
008 890828s1989 cau 001 0 eng c
020 _a0930852079 (pbk.) :
040 _aSEKU
050 0 0 _aRC 607.A26
_b.G7
100 1 _aGregory, Scott J.
245 1 2 _aA holistic protocol for the immune system :
_bHIV/ARC/AIDS, candidiasis, Epstein-Barr, herpes, and other opportunistic infections /
_cScott J. Gregory ; Bianca Leonardo, editor.
260 _aPalm Springs, CA :
_bTree of Life Publications,
_cc1989.
300 _ax, 79 p. ;
_c28 cm.
650 0 _aAIDS (Disease)
_xAlternative treatment.
650 0 _aOpportunistic infections
_xAlternative treatment.
650 2 _aAIDS-Related Complex
_xtherapy.
650 2 _aBurkitt's Lymphoma
_xtherapy.
650 2 _aCandidiasis
_xtherapy.
650 2 _aHerpes Simplex
_xtherapy.
650 2 _aOpportunistic Infections
_xtherapy.
700 1 _aLeonardo, Bianca.
942 _2lcc
_cGEN
999 _c6685
_d6685